| 000 | 00514nam a22002057a 4500 | ||
|---|---|---|---|
| 003 | Nust | ||
| 005 | 20210907102836.0 | ||
| 008 | 170120b xxu||||| |||| 00| 0 eng d | ||
| 020 | _a9789350140772 | ||
| 038 | _akhadija | ||
| 040 | _c. | ||
| 082 |
_a006.3 _bSHA |
||
| 100 |
_aSharma, Pankaj _958504 |
||
| 245 |
_aWorking With Artificial Intelligence / _c Pankaj ,Sharma |
||
| 260 |
_aNew Delhi, _bS.K Kataria, _c2011. |
||
| 300 | _a389p.; | ||
| 500 | _aPaperback. | ||
| 563 | _apaperback | ||
| 942 |
_cBK _2ddc |
||
| 999 |
_c32380 _d32380 |
||